|
|
|
|
| LEADER |
00000nbm0a2200000 4500 |
| 001 |
88223 |
| 005 |
20231031102541.0 |
| 035 |
|
|
|a (RuTPU)RU\TPU\book\94703
|
| 090 |
|
|
|a 88223
|
| 100 |
|
|
|a 20051222d1974 k y0rusy50 ca
|
| 101 |
0 |
|
|a rus
|
| 102 |
|
|
|a RU
|
| 105 |
|
|
|a a m 001zy
|
| 200 |
1 |
|
|a Разработка и исследование электроакустиского тракта приборов неразрушающего контроля с высокой разрешающей способностью по глубине (Применительно к эхо-импульсным ультразвуковым толщиномерам)
|e диссертация на соискание ученой степени кандидата технических наук
|f М. В. Королев
|g Научно-исследовательский институт интроскопии; науч. рук. Ю. М. Шкарлет
|
| 210 |
|
|
|a Москва
|c [Б. и.]
|d 1974
|
| 215 |
|
|
|a 178 л.
|c ил.
|
| 320 |
|
|
|a Библиогр.: с. 171-178 110 (назв.)
|
| 610 |
1 |
|
|a диссертации
|
| 610 |
1 |
|
|a разработка
|
| 610 |
1 |
|
|a исследование
|
| 610 |
1 |
|
|a электроакустический тракт
|
| 610 |
1 |
|
|a приборы неразрушающего контроля
|
| 610 |
1 |
|
|a эхо-импульсные методы
|
| 610 |
1 |
|
|a ультразвуковые толщиномеры
|
| 610 |
1 |
|
|a ультразвуковая аппаратура
|
| 610 |
1 |
|
|a пьезоэлементы
|
| 610 |
1 |
|
|a демпфирование
|
| 610 |
1 |
|
|a пьезоэлектрические преобразователи
|
| 610 |
1 |
|
|a неразрушающий контроль
|
| 610 |
1 |
|
|a толщина
|
| 610 |
1 |
|
|a прочность
|
| 610 |
1 |
|
|a измерительная аппаратура
|
| 610 |
1 |
|
|a датчики приборов
|
| 610 |
1 |
|
|a дефектоскопия ультразвуковая
|
| 675 |
|
|
|a 620.179(048)
|v 3
|
| 700 |
|
1 |
|a Королев
|b М. В.
|
| 702 |
|
1 |
|a Шкарлет
|b Ю. М.
|4 727
|
| 712 |
0 |
2 |
|a Научно-исследовательский институт интроскопии МНПО "Спектр" (ЗАО НИИИН МНПО "Спектр)
|c (Москва)
|2 stltpush
|3 (RuTPU)RU\TPU\col\12015
|
| 801 |
|
1 |
|a RU
|b 63413507
|c 20051222
|g PSBO
|
| 801 |
|
2 |
|a RU
|b 63413507
|c 20080215
|g PSBO
|
| 942 |
|
|
|c BK
|